Online
Catalog
Normal view MARC view

Entry Nombre corporativo

Number of records used in: 1

001 - NÚMERO DE CONTROL

  • campo de control: 83816

003 - IDENTIFICADOR DEL NÚMERO DE CONTROL

  • campo de control: DO-SdBNP

005 - FECHA Y HORA DE LA ÚLTIMA TRANSACCIÓN

  • campo de control: 20230724103144.0

008 - DATOS DE LONGITUD FIJA

  • campo de control de longitud fija: 230724|| aca||aabn | a|a d

040 ## - FUENTE DE LA CATALOGACIÓN

  • Centro catalogador/agencia de origen: DO-SdBNP
  • Centro/agencia transcriptor: DO-SdBNP

110 ## - ENCABEZAMIENTO-NOMBRE DE ENTIDAD CORPORATIVA

  • Nombre de entidad corporativa o nombre de jurisdicción como elemento de entrada: Asociación Latinoamericano de Instituciones Financiera para el Desarrollo

670 ## - FUENTE DE DATOS ENCONTRADOS

  • Cita de la fuente: Work cat.: (DO-SdBNP)38004: Fortaleciendo los Sistemas Financieros Rurales frente a los Actuales Desafíos del Desarrollo Agrícola Latinoamericano (2012 : Santo Domingo) 83814, Los sistemas financieros rurales frente a los actuales desafíos del desarrollo agrícola latinoaméricano., 2012.

Powered by Koha